|
|
|
|
| LEADER |
00000nam0a2200000 4500 |
| 001 |
45773 |
| 005 |
20231101210956.0 |
| 010 |
|
|
|a 5901410106
|
| 035 |
|
|
|a (RuTPU)RU\TPU\book\47678
|
| 090 |
|
|
|a 45773
|
| 100 |
|
|
|a 20021216d2002 k y0rusy50 ca
|
| 101 |
1 |
|
|a rus
|
| 102 |
|
|
|a RU
|
| 105 |
|
|
|a y z 000zd
|
| 200 |
1 |
|
|a Критика и клиника
|e пер. с фр.
|f Ж. Делез
|g Пер. О. Е. Волчек и С. Л. Фокина
|
| 210 |
|
|
|a СПб.
|c Machina
|d 2002
|
| 215 |
|
|
|a 240 с.
|
| 225 |
1 |
|
|a XX век. Критическая библиотека
|
| 600 |
|
1 |
|a Ницше
|g Фридрих
|f 1844-1900
|c немецкий философ
|2 stltpui
|3 (RuTPU)RU\TPU\pers\341
|b Ф.
|
| 600 |
|
0 |
|a Платон
|f 428 или 427-348 или 347 до н.э.
|c древнегреческий философ
|2 stltpui
|3 (RuTPU)RU\TPU\pers\374
|
| 600 |
|
1 |
|a Спиноза
|g Бенедикт (Барух)
|c нидерландский философ
|f 1632-1677
|b Б.
|2 stltpui
|3 (RuTPU)RU\TPU\pers\434
|
| 600 |
|
1 |
|a Лоренс (Лоуренс)
|b Т. Э.
|c английский разведчик
|c писатель
|f 1888 - 1935
|g Томас Эдвардс
|2 stltpush
|3 (RuTPU)RU\TPU\pers\11097
|9 2471
|
| 600 |
|
1 |
|a Кафка
|g Франц
|f 1883 - 1924
|c австрийский писатель
|b Ф.
|2 stltpui
|3 (RuTPU)RU\TPU\pers\494
|
| 606 |
1 |
|
|a Французская философия
|x История
|z вторая половина 19-20 в. в.
|2 stltpush
|3 (RuTPU)RU\TPU\subj\64341
|9 81247
|
| 610 |
1 |
|
|a философия
|
| 610 |
1 |
|
|a 20 век
|
| 610 |
1 |
|
|a литературоведение
|
| 610 |
1 |
|
|a психоанализ
|
| 686 |
|
|
|a Ю3(4Фр)6
|v LBC/SL-A
|2 rubbk
|
| 700 |
|
1 |
|a Делёз
|b Ж.
|c французский философ
|c историк философии
|f 1926-1995
|g Жиль
|2 stltpush
|3 (RuTPU)RU\TPU\pers\18943
|9 7140
|
| 702 |
|
1 |
|a Волчек
|b О. Е.
|4 730
|
| 702 |
|
1 |
|a Фокин
|b С. Л.
|4 730
|
| 801 |
|
1 |
|a RU
|b 63413507
|c 20021216
|g PSBO
|
| 801 |
|
2 |
|a RU
|b 63413507
|c 20141114
|g PSBO
|
| 942 |
|
|
|c BK
|